Catálogo de la Biblioteca Horacio González - Universidad Nacional de General Sarmiento

Henry V (Registro nro. 54560)

Detalles MARC
000 -CABECERA
campo de control de longitud fija 01282ngm a22002770a 4500
001 - NÚMERO DE CONTROL
campo de control PT19532
003 - IDENTIFICADOR DEL NÚMERO DE CONTROL
campo de control AR-LpoUNG
005 - FECHA Y HORA DE LA ÚLTIMA TRANSACCIÓN
campo de control 20210202000311.0
007 - CAMPO FIJO DE DESCRIPCIÓN FÍSICA--INFORMACIÓN GENERAL
campo de control de longitud fija vd cvaizq
008 - DATOS DE LONGITUD FIJA--INFORMACIÓN GENERAL
campo de control de longitud fija 191001suuuu||||ag |||||||||||||||||eng d
037 ## - FUENTE DE ADQUISICIÓN
Condiciones de disponibilidad $9,97
040 ## - FUENTE DE LA CATALOGACIÓN
Centro catalogador/agencia de origen AR-LpoUNG
Lengua de catalogación spa
Centro/agencia transcriptor AR-LpoUNG
Normas de descripción aacr
041 ## - CÓDIGO DE LENGUA
Código de lengua del texto/banda sonora o título independiente eng
044 ## - CÓDIGO DEL PAÍS DE LA ENTIDAD EDITORA/PRODUCTORA
Código MARC del país ag
082 0# - NÚMERO DE LA CLASIFICACIÓN DECIMAL DEWEY
Número de clasificación 822.33 816hen
100 1# - ENTRADA PRINCIPAL--NOMBRE DE PERSONA
Nombre de persona Branagh, Kenneth
Término indicativo de función/relación dir.
245 10 - MENCIÓN DE TÍTULO
Título Henry V
260 ## - PUBLICACIÓN, DISTRIBUCIÓN, ETC.
Lugar de publicación, distribución, etc. Buenos Aires :
Nombre del editor, distribuidor, etc. Transmundo Home Video,
Fecha de publicación, distribución, etc. [1989].
300 ## - DESCRIPCIÓN FÍSICA
Extensión VHS (137 min.) : son., col.
520 ## - SUMARIO, ETC.
Sumario, etc. Hace cinco siglos y medio, un joven de 27 años reinó sobre los dominios de la más poderosa e importante nación del mundo medieval Inglaterra. Henry V ocupó el trono apenas por nueve años, pero su pasaje por el trono de un país envuelto en constantes batallas por la conquista de nueve territorios estuvo marcada por acontecimientos que llevaron al dramaturgo William Shakespeare a escribir, casi dos siglos después, la brillante historia que llegó a las pantallas cinematográficas, ganando el Oscar de la Academia de Hollywood al Mejor Vestuario y el premio como Mejor Director de la Academia Británica de Cine.
650 #4 - PUNTO DE ACCESO ADICIONAL DE MATERIA--TÉRMINO DE MATERIA
Término de materia o nombre geográfico como elemento de entrada INGLATERRA
653 ## - TÉRMINO DE INDIZACIÓN--NO CONTROLADO
Término no controlado LITERATURA INGLESA
653 ## - TÉRMINO DE INDIZACIÓN--NO CONTROLADO
Término no controlado VIDEOS
905 ## - ELEMENTOS DE DATOS E LOCAL, LDE (RLIN)
a 19532
942 ## - ELEMENTOS DE PUNTO DE ACCESO ADICIONAL (KOHA)
Tipo de ítem Koha Video
Existencias
Estado de retiro Estado de pérdida Estado dañado No para préstamo Código de colección Localización permanente Ubicación/localización actual Fecha de adquisición Total de préstamos Signatura topográfica completa Código de barras Fecha visto por última vez Precio válido a partir de Tipo de ítem Koha
        Colección Cine Biblioteca Universidad Nacional de General Sarmiento Biblioteca Universidad Nacional de General Sarmiento 02/02/2021   822.33 816hen 00021225 02/02/2021 02/02/2021 Video